| 000 | 00360nam a22001337u 4500 | ||
|---|---|---|---|
| 008 | 130405s1986 xxu||||| |||| 00| 0 spa d | ||
| 041 | _aspa | ||
| 245 | 0 | 0 | _aEl paro a debate |
| 260 |
_aMadrid: _bCaritas Española, _c1986 |
||
| 300 |
_a480 p. _c;20 cm. |
||
| 650 | 0 | 4 |
_aMoral Cristiana _xJusticia, teología de la liberación _914452 |
| 942 | _cBK | ||
| 001 | 42703 | ||
| 999 |
_c288143 _d288143 |
||